00478nam a2200217Ia 4500003000900000008004100009040001300050040001300063041000800076100002000084100001000104245003500114250001100149260002100160260000900181300001100190300001000201490002400211490000600235700001900241IT-RoPAU120407s9999 xx 000 0 und d aIT-RoPAU cIT-RoPAU aita aGiovanni Giusti ccoll. 2aA che punto siamo con la fede? aMilano aEdizioni Paoline c1989 a175 p. c23 cm aCristiani adulti, 2 v1 aCiro Sarnataro